| 000 | 00485nam a22001937a 4500 | ||
|---|---|---|---|
| 003 | OSt | ||
| 005 | 20140310184505.0 | ||
| 008 | 131012t xxu||||| |||| 00| 0 eng d | ||
| 020 | _a0439314348 | ||
| 050 |
_aPZ 7 _b.C287e14 2002 |
||
| 100 |
_dCapeci, Anne. _95521 |
||
| 245 |
_aElectronic storm / _cAnne Capeci. |
||
| 260 |
_aUSA : _bScholastic Inc., _cc2002. |
||
| 300 |
_a92 p. : _bill .; _c19 cm. |
||
| 521 | _aG3 | ||
| 526 | _c570 | ||
| 942 |
_2lcc _cBK-SCHOLAS |
||
| 999 |
_c34815 _d34815 |
||